Statistics for Harry Potter quiz! Calling all Potterheads!

Click here to take the quiz!

General Stats

  • This quiz has been taken 89 times
  • The average score is 12 of 15

Answer Stats

Question Answer% Correct
What is the name of the school?Hogwarts
96%
What is the main character’s enemy’s name?Voldemort
95%
Does Hagrid die?No
92%
Who had a crush on Harry’s mother?Snape
91%
What Weasley died?Fred
89%
What is the name of Harry’s oldest child?James
87%
Who killed Bellatrix Lestrange?Molly Weasley
87%
What are the names of the two female founders of the school?Helga and Rowena
84%
What is the headmaster’s full name?Albus Percival Wulfric Brian Dumbledore
83%
What is the name of the rat?Scabbers
81%
Who is the most hated character in Harry Potter? (hint: it’s not Voldemort)Umbridge
67%
What is the name of Ron’s youngest child?Hugo
65%
What is the name of Hermione’s youngest child?Hugo
65%
What is he name of the “rat”?Wormtail
52%
What is the thing to destroy horcruxes?Sword of Gryffindor
43%

Score Distribution

Percentile by Number Answered

Percent of People with Each Score

Your Score History

You have not taken this quiz